000 02318nam0a2200337 i 4500
001 RU\NLR\BIBL_A\011437784
005 20260405112856.0
010 _a9785744439521
_9100
021 _aRU
_b2017-45370
_93277
035 _a(RuMoRGB)008917930
035 _a(NLR Aleph) 011437784
090 _a11684492
_c11684492
100 _a20170712d2016 km y0rusy50 ca
101 0 _arus
102 _aRU
105 _ay|||z|||100zy
200 1 _aАктуальные проблемы науки и практики
_eматериалы Молодежной научной конференции VI Дагелевские чтения., Владивосток, 18 декабря 2015 г.
_f[научный редактор: д-р юрид. наук, профессор, заслуженный деятель науки Российской Федерации А.А. Коробеев]
210 _aВладивосток
_cДальневосточный федеральный университет
_d2016
215 _a181, [1] с.
_d21
300 _aВ надзаг.: Министерство образования и науки Российской Федерации, Дальневосточный федеральный университет, Юридическая школа, Центр сравнительного правоведения и мониторинга законодательства России и странах АТР, Научная лаборатория по изучению проблем противодействия терроризму и экстремизму в России и стран АТР
320 _aБиблиогр. в подстроч. примеч.
606 _aПраво
_jСъезды, совещания и т.п
_9894779
_3RU\NLR\AUTH\664055
686 _aХ.я431(2)
_2rubbk
686 1 _aХ.я431
702 1 _4340
_8rus
_7ca
_aКоробеев
_bА. И.
_f1951-
_gАлександр Иванович
_3RU\NLR\AUTH\7743635
_926578
711 1 2 _aДагелевские чтения
_d6
_eВладивосток
_f2015
_9565394
_3RU\NLR\AUTH\880450874
942 _cBOOK
980 _aNBR